| LEADER |
01072nam0a2200193 450 |
| 001 |
16848154 |
| 010 |
|
|
|a 978-2-603-01613-8
|b Br.
|d 19,9
|
| 100 |
|
|
|a 20090619d2009 u u0frey01 ba
|
| 101 |
0 |
|
|a fre
|
| 102 |
|
|
|a CH
|
| 200 |
0 |
|
|a Guide santé des fruits et légumes (Le)
|e manger bien pour vivre mieux
|f texte Denis Richard
|g illustrations de Yves Doux
|
| 207 |
|
1 |
|a
|
| 215 |
|
|
|a 223 p.
|c illustrations en couleur
|d 21 x 13 cm
|
| 300 |
|
|
|a Bibliogr. Sites web
|
| 330 |
|
|
|a Un guide pour comprendre ce que les fruits et légumes peuvent apporter à la santé et sur la façon de les consommer. Les chapitres sont consacrés aux régimes préventifs de pathologies ciblées et à des situations spécifiques telles que la grossesse et l'allaitement, l'âge, la période de l'adolescence, etc. Contient des conseils pratiques pour acheter, conserver et préparer les aliments.
|
| 700 |
|
0 |
|a Richard
|b Denis
|4 70
|
| 900 |
|
|
|a Documentaire
|
| 901 |
|
|
|a Accessible au prêt
|
| 995 |
|
|
|a Bibliothèque
|c Bibliothèque
|f 00156008245011
|h 00156008245011
|k 613.2 RIC
|o p
|q a
|r az
|e Bibliothèque
|